000 00741nam a2200289Ia 4500
001 2346
003 IT-RoPAU
008 130308s9999 xx 000 0 und d
040 _aIT-RoPAU
040 _cIT-RoPAU
041 _aITALIANO
100 _aMoullet Luc
100 _gCodice Aut. SPICS: 12193
245 _aRicerca del relativo (La)
245 _bCinema di Howard Hawks (Il)
250 _a1a ed.
260 _aVENEZIA
260 _bLa Biennale/Eri
260 _c1981 [1° Ed.:1981 - Ed.Ling.Originale:1959]
300 _a"3 p. (prefazione: no ; testo: 3 [pagine: 29-31])"
650 _aAUTORI/OPERE DEL CINEMA
650 _eCodice materia Spics: 6807
942 _cBK
957 _71
999 _c53112
_d53112
999 _bSI
999 _g1